000 00547nam a2200193Ia 4500
003 GCL
008 140319s9999 xx 000 0 ara d
040 _aGCL /
_cGCL
082 0 4 _a239
_bخ ا
100 1 _aخالد محمد خالد
245 1 0 _aابناء الرسول فى كربلاء /
_cخالد محمد خالد
260 _aالقاهرة :
_bدار ثابت ،
_c1986
300 _a156 ص ؛
_c24 سم
490 _a
650 0 4 _aالاسلام
650 0 4 _aابناء النبى
650 0 4 _aكربلاء
942 _2ddc
_cBK
999 _c28107
_d28107